00679nam a2200205 4500010001300000020002500013035001300038037001600051040001200067082001600079245003800095250001200133260003200145270001300177300003300190500002300223500016500246650003900411650002300450 aB-406606 a9781857495290c00.00 aB-406606 aCen Lib/Ret aDPLbEN a370.05bEUR aThe Europa world of learning 2010 a60th ed aLondon b Routledgec 2009 bLondon  a2 v. ( v 1.1441 ; v 2. 2910) aincludes indexes  a2 v. ; v 1 Introductory essays ; International organizations Countries: Afghanistan-Myanmar (available) ; v 2. Countries: Namibia-Zimbabwe ; Index. (available)  aEducation, Higher -- Directories.  aEducation, Higher.